El Oficio de sociólogo : Presupuestos epistemológicos /
Guardat en:
| Autor principal: | |
|---|---|
| Altres autors: | , |
| Format: | Text |
| Idioma: | Spanish |
| Publicat: |
México, D.F.:
Siglo XXI editores
|
| Edició: | 9 |
| Etiquetes: |
Afegir etiqueta
Sense etiquetes, Sigues el primer a etiquetar aquest registre!
|
MARC
| LEADER | 00000 a a2200000 04500 | ||
|---|---|---|---|
| 001 | 16259 | ||
| 003 | cru CIDCACS/IIS | ||
| 005 | 20170512134521.0 | ||
| 008 | 170512b xxu||||| |||| 00| 0 spa d | ||
| 020 | |a 968-23-0272-2 | ||
| 022 | |a 968-23-0272-2 | ||
| 040 | |c CIDCACS/IIS | ||
| 090 | |a SO05.01.01 B769o | ||
| 100 | |a Bourdieu, Pierre | ||
| 245 | |a El Oficio de sociólogo : |b Presupuestos epistemológicos / |c Pierre Bourdieu | ||
| 250 | |a 9 | ||
| 260 | |a México, D.F.: |b Siglo XXI editores | ||
| 300 | |a 372 páginas | ||
| 700 | |a Chamboredon, Jean Claude | ||
| 700 | |a Passeron, Jean Claude | ||
| 942 | |2 ddc |c LI | ||
| 999 | |c 13495 |d 13495 | ||



